The Secrets of Strategic Management / The Ansoffian Approach (Record no. 2150)
[ view plain ]
| 000 -LEADER | |
|---|---|
| fixed length control field | 01260cam a22002054a 4500 |
| 005 - ΗΜΕΡΟΜΗΝΙΑ ΚΑΙ ΩΡΑ ΤΕΛΕΥΤΑΙΑΣ ΕΝΗΜΕΡΩΣΗΣ | |
| Πεδίο ελέγχου | 20250605164032.0 |
| 008 - FIXED-LENGTH DATA ELEMENTS--GENERAL INFORMATION | |
| Πεδίο ελέγχου σταθερού μήκους | 250528s ||||||||||||||||||||||||d |
| 035 ## - SYSTEM CONTROL NUMBER | |
| System control number | 16675 |
| 020 ## - ISBN | |
| ISBN | 141961178 |
| 040 ## - ΠΗΓΗ ΚΑΤΑΛΟΓΟΓΡΑΦΗΣΗΣ | |
| Φορέας πρωτότυπης καταλογογράφησης | MC Athens Campus Library |
| Γλώσσα καταλογογράφησης | Ελληνικά, Μοντέρνα (1453-) |
| Modifying agency | MC Athens Campus Library |
| Κανόνες περιγραφικής καταλογογράφησης | AACR2 |
| 245 1# - ΤΙΤΛΟΣ ΚΑΙ ΔΗΛΩΣΗ ΥΠΕΥΘΥΝΟΤΗΤΑΣ | |
| Τίτλος | The Secrets of Strategic Management / The Ansoffian Approach |
| 260 ## - PUBLICATION, DISTRIBUTION, ETC. | |
| Name of publisher, distributor, etc. | The Ansoff Institute Open Company Ltd, |
| Date of publication, distribution, etc. | 2005 |
| 300 ## - PHYSICAL DESCRIPTION | |
| Extent | 170 |
| 520 ## - SUMMARY, ETC. | |
| Summary, etc. | This book is addressed to a group of readers who want to improve their knowledge of profit optimization in the turbulent environment of the 21st century and beyond. Acknowledgements, Competing Strategies for Profitability, Evolution of Environmental Turbulence, Business Success Strategies During The Post-Industrial Era, Eliminating Strategic Myopia, Shift From Extrapolation of the Past to Focus on the Turbulent Future, Strategic Success Paradigm, Management Capability, Strategic Response at the Business Unit Level, Strategic Response at the Corporate Level, Real Time Response, Strategic Posture Implementation, Strategic Management of Technology, Overview, Appendices, References, The Ansoff Institute. |
| 700 1# - ΠΡΟΣΘΕΤΗ ΑΝΑΓΡΑΦΗ--ΦΥΣΙΚΟ ΠΡΟΣΩΠΟ | |
| Personal name | Ansoff Igor H. |
| 9 (RLIN) | 2764 |
| 700 1# - ΠΡΟΣΘΕΤΗ ΑΝΑΓΡΑΦΗ--ΦΥΣΙΚΟ ΠΡΟΣΩΠΟ | |
| Personal name | Antoniou Peter H. |
| 9 (RLIN) | 2765 |
| 942 ## - ADDED ENTRY ELEMENTS (KOHA) | |
| Koha item type | Books |
| Τύπος τεκμηρίου | Βιβλιοθήκη | Τρέχουσα τοποθεσία | Barcode | Αριθμός εισαγωγής | Ημερομηνία απόκτησης | Ταξιθετικό σύμβολο | Αριθμός αντιτύπου | Κατάσταση απόσυρσης | Κατάσταση χαμένου | Κατάσταση κατεστραμμένου | Μη δανεισμός | Σύνολο δανεισμών | Ημερομηνία τελευταίας εμφάνισης | Η τιμή ισχύει από |
|---|---|---|---|---|---|---|---|---|---|---|---|---|---|---|
| Books | MC Athens Campus Library | MC Athens Campus Library | 9780000021496 | 4879 | 05/06/2025 | 658.4012 ANS | 1 | 05/06/2025 | 05/06/2025 |